Advanced molecular plant breeding: Meeting the challenge of food security (Record no. 43224)

MARC details
000 -LEADER
fixed length control field 00566nam a2200193Ia 4500
020 ## - INTERNATIONAL STANDARD BOOK NUMBER
ISBN 9781771886642
082 ## - DEWEY DECIMAL CLASSIFICATION NUMBER
Classification number 577.21:631.52
Item number BHA
100 ## - MAIN ENTRY--AUTHOR NAME
Personal name Bharadwaj, DN
245 #0 - TITLE STATEMENT
Title Advanced molecular plant breeding: Meeting the challenge of food security
260 ## - PUBLICATION, DISTRIBUTION, ETC. (IMPRINT)
Place of publication Canada
Name of publisher Apple Academic Press
300 ## - PHYSICAL DESCRIPTION
Number of Pages 700p.
650 ## - SUBJECT ADDED ENTRY--TOPICAL TERM
Topical Term Biodiversity
650 ## - SUBJECT ADDED ENTRY--TOPICAL TERM
Topical Term Crop improvement
650 ## - SUBJECT ADDED ENTRY--TOPICAL TERM
Topical Term Molecular genetics
650 ## - SUBJECT ADDED ENTRY--TOPICAL TERM
Topical Term Plant genetic resourcesGenetic engineering
650 ## - SUBJECT ADDED ENTRY--TOPICAL TERM
Topical Term Tissue culture
942 ## - ADDED ENTRY ELEMENTS (KOHA)
Koha item type Books
Holdings
Withdrawn status Lost status Damaged status Not for loan Home library Current library Date acquired Cost, normal purchase price Full call number Accession Number Koha item type
        RRII Library RRII Library 16/12/2021 139.00 577.21:631.52 BHA 23490 Books